000 00766cam a2200265 4500
001 M2140
008 090401t1996 xxu||||| |||| 00| 0 eng d
035 _a(Sirsi) u36687
041 _aeng
050 _a690.22
100 _aWolf, A.
245 _aHealth and safety on construction sites : a comparison of the UK and Germany.
260 _aAscot, Berkshire
_bChartered Institute of Building
_c1996
300 _a8p. ; 30cm.
350 _a0
490 _aConstruction Papers
_v63
650 _aBUILDING SITES
650 _aHEALTH AND SAFETY
_96244
690 _aBUILT ENVIRONMENT-BUILDING STANDARDS
700 _aBrick, A.W.
700 _aHarlow, Peter
_xEditor
710 _aChartered Institute of Building
_92134
942 _n0
948 _c04/03/1997
999 _c90364
_d90364